000 00510nam a2200181Ia 4500
005 20250326140424.0
008 250326s9999 xx 000 0 und d
037 _aTextbook
040 _aFMSL
_beng
_cFMSL
041 _aeng
_2eng
084 _aX:8D P1
_qFMSL
100 _aChatterji S
_992925
245 0 _aLoan workouts and debt for equity swaps
_cChatterji S; Hedges P
260 _aN Y
_bN Y, John Wiley & Sons
_c2001
300 _a314p
942 _cTB
_hX:8D P1
999 _c1285723
_d1285723